书目信息 |
| 题名: |
非线性激光光谱学导论
|
|
| 作者: | 利文森 著 ;穆家炽 译 | |
| 分册: | ||
| 出版信息: | 北京 宇航出版社 1988.8 |
|
| 页数: | 284页 | |
| 开本: | 20cm | |
| 丛书名: | ||
| 单 册: | ||
| 中图分类: | O433.5 | |
| 科图分类: | ||
| 主题词: | 光学 | |
| 电子资源: | ||
| ISBN: | 7-80034-080-5 | |
| 000 | 00582nam0 2200205 45 | |
| 001 | 0312221749 | |
| 005 | 20040520150933.5 | |
| 010 | @a7-80034-080-5@dCNY3.20 | |
| 100 | @a20031222d1988 km y0chiy0120 ea | |
| 101 | @achi | |
| 105 | @a z 000yy | |
| 200 | 1 | @a非线性激光光谱学导论@AFei Xian Xing Ji Guang Guang Pu Xue Dao Lun@f(美)利文森著@F(Mei)Li Wen Sen Zhu@g穆家炽等译 |
| 210 | @a北京@c宇航出版社@d1988.8 | |
| 215 | @a284页@d20cm | |
| 606 | 0 | @a光学 |
| 690 | @aO433.5@v3 | |
| 701 | 0 | @a利文森@4著 |
| 702 | 0 | @a穆家炽@4译 |
| 801 | @aCN@bTSTCL@c20031222 | |
| 905 | @dO433.5@e64 | |
| 非线性激光光谱学导论/(美)利文森著/穆家炽等译.-北京:宇航出版社,1988.8 |
| 284页;20cm |
| ISBN 7-80034-080-5:CNY3.20 |
| ● |
| 相关链接 |
|
|
|
|
正题名:非线性激光光谱学导论
索取号:O433.5/64
 
预约/预借
| 序号 | 登录号 | 条形码 | 馆藏地/架位号 | 状态 | 备注 |
| 1 | 0215888 | 001460626 | 第三借阅区/ [索取号:O433.5/64] | 在馆 | |
| 2 | 0215889 | 001460635 | 第二样本阅览室/ [索取号:O433.5/64] | 在馆 |